| 000 | 00513nam a2200157Ia 4500 | ||
|---|---|---|---|
| 008 | 230907s9999||||xx |||||||||||||| ||und|| | ||
| 082 |
_a621.31 _bASI |
||
| 100 |
_aMuhammad Asim Munir (00000204246) _9116500 |
||
| 245 | 0 | _aSimulation and analysis of a simplified solar energy forecast model based on weather parameters / | |
| 260 |
_aUSPCAS-E, NUST, _bIslamabad : _c2020 |
||
| 300 | _a41 p. | ||
| 520 | _aTH-200 | ||
| 650 | _aMS-EEP Thesis MS Thesis | ||
| 700 |
_aDr Abraiz Khattak _9117724 |
||
| 942 |
_cTHE _2ddc |
||
| 999 |
_c601879 _d601879 |
||